Hacia un Chile sin trabajo infantil

Збережено в:
Бібліографічні деталі
Автори: Silva Güiraldes, María Jesús (Автор), Alvarez Salgado, Sonia (Автор)
Формат: Книга
Мова:Іспанська
Опубліковано: Santiago OIT 2009
Редагування:1a. ed
Предмети:
Теги: Додати тег
Немає тегів, Будьте першим, хто поставить тег для цього запису!

MARC

LEADER 00000nam a2200000 a 4500
001 UCH3192
003 CL-VaPUC
008 090715e20090000CL |||||||||||||||||spa|d
020 |a 9789223223243 
082 0 4 |a 331.31  |b SIL  |2 21 
100 0 |a Silva Güiraldes, María Jesús  |e author  |9 538425 
700 0 |a Alvarez Salgado, Sonia  |e author  |9 538426 
245 1 0 |a Hacia un Chile sin trabajo infantil 
250 |a 1a. ed 
300 |a 55 p 
942 |c BK 
945 |d 20090715 00:00:00  |a dcastane 
260 |a Santiago  |b OIT  |c 2009 
650 0 |a Trabajo infantil  |9 389077 
650 0 |a Problemas sociales  |9 258537 
650 0 |a Familias   |9 255641 
650 0 |a Encuestas   |9 259666 
650 7 |a CONDICIONES LABORALES  |2 CL-VaPUC  |9 381428 
650 0 |a Sociología de la educación   |9 260380 
583 |a last modification  |c 20090715 00:00:00  |k Rodrigo Vera 
999 |c 334816  |d 334814 
952 |0 0  |1 0  |4 0  |6 331_310000000000000_SIL_2009  |7 0  |8 A  |9 424041  |a BIBGIM  |b BIBGIM  |d 2019-11-22  |i 4571908  |o 331.31 SIL 2009  |p 4571908  |r 2025-01-15  |w 2019-11-22  |y BK  |k SSL 
952 |0 0  |1 0  |4 0  |6 331_310000000000000_SIL_2009  |7 0  |8 A  |9 424042  |a BIBGIM  |b BIBGIM  |d 2019-11-22  |i 4579038  |o 331.31 SIL 2009  |p 4579038  |r 2025-01-15  |w 2019-11-22  |y BK  |k SSL